000
00234nam a2200097Ia 4500
008
120527s9999 xx 000 0 und d
100
_a
World Bank
245
_a
Agriculture investment Source book.
260
_b
World Bank.
942
_c
BK
999
_c
23550
_d
23550